| 000 | 00409nam a22001577a 4500 | ||
|---|---|---|---|
| 999 |
_c3561 _d234065 |
||
| 008 | 150303b xxu||||| |||| 00| 0 spa d | ||
| 080 | _a343.34 C 233 | ||
| 100 | _4Carreras, Eduardo Raùl | ||
| 245 | _aDelitos contra la tranquilidad Pùblica | ||
| 260 | _c(S F) | ||
| 300 | _a10 P. | ||
| 650 |
_2LEMB _aDelitos contra la tranquilidad Pùblia |
||
| 651 | _2LEMB | ||
| 945 |
_acd _d2015-03-03 |
||